| 000 | 00987nam a22002897a 4500 | ||
|---|---|---|---|
| 001 | 722 | ||
| 005 | 20250808150831.0 | ||
| 020 | _a0590414267 : | ||
| 020 | _a9780590414272 | ||
| 040 |
_aDLC _cDLC _dDLC _beng |
||
| 050 | 0 | 0 |
_aQP37 _b.C63 1989 |
| 082 | 0 | 0 |
_a612 _219 |
| 100 | 1 | _aCole, Joanna. | |
| 245 | 1 | 4 |
_aThe magic school bus : _binside the human body / _cby Joanna Cole ; illustrated by Bruce Degen. |
| 260 |
_aNew York : _bScholastic, _c1989. |
||
| 300 |
_a40 pages : _bcolor illustrations ; _c22 x 26 cm. |
||
| 490 | _aThe magic school bus | ||
| 505 | _aR | ||
| 520 | _aA special field trip on the magic school bus allows Ms. Frizzle's class to get a first-hand look at major parts of the body and how they work. | ||
| 521 |
_a730
_bLexile |
||
| 521 |
_aR
_bRaz-plus |
||
| 650 | 0 |
_aHuman body _vJuvenile literature. |
|
| 650 | 1 | _aHuman body. | |
| 700 | 1 |
_aDegen, Bruce, _eillustrator. |
|
| 906 |
_a7 _bcbc _corignew _d1 _eocip _f19 _gy-gencatlg |
||
| 942 |
_2ddc _cBK _n0 |
||
| 999 |
_c722 _d722 |
||